[Event "Summer Chess Classic A 2019"]
[Site "Saint Louis USA"]
[Date "2019.06.20"]
[Round "3"]
[White "Swiercz, Dariusz"]
[Black "Jones, Gawain C B"]
[Result "1/2-1/2"]
[WhiteElo "2667"]
[BlackElo "2709"]
[PlyCount "120"]
[EventDate "2019.06.18"]

1. e4 e5 2. Nf3 Nc6 3. Bb5 a6 4. Ba4 Nf6 5. O-O Bc5 6. c3 b5 7. Bb3 d6 8. a4 b4
9. d4 Ba7 10. h3 Bb7 11. Re1 Ne7 12. cxb4 Nxe4 13. Qc2 d5 14. Nxe5 O-O 15. Be3
Nf5 16. Nf3 Qd6 17. Nc3 Rad8 18. b5 c5 19. Bxd5 Bxd5 20. Nxe4 Qg6 21. Ne5 Nxe3
22. Rxe3 Qf5 23. Nc6 Bxc6 24. bxc6 cxd4 25. Rf3 Qd5 26. Nd2 Rd6 27. Rc1 Rc8 28.
c7 Rd7 29. Qc4 Qb7 30. Rb3 Qxc7 31. Qxc7 Rdxc7 32. Rxc7 Rxc7 33. Kf1 Re7 34.
Nf3 Kf8 35. Ne1 Ke8 36. Nd3 Kd8 37. Rb4 Kc7 38. Rc4+ Kd6 39. Nb4 a5 40. Rc6+
Ke5 41. Nd3+ Ke4 42. Nc1 Rb7 43. b3 Kd5 44. Rc8 Bc5 45. Ke2 Ba3 46. Rd8+ Ke6
47. Nd3 Bd6 48. Ra8 Rxb3 49. Rxa5 Ra3 50. g4 g6 51. h4 f5 52. gxf5+ gxf5 53. h5
Ra2+ 54. Kf3 Ra3 55. Ke2 Ra2+ 56. Kf3 h6 57. Nc5+ Bxc5 58. Rxc5 Kf6 59. a5 Kg5
60. Kg3 d3 1/2-1/2

[Event "Summer Chess Classic A 2019"]
[Site "Saint Louis USA"]
[Date "2019.06.20"]
[Round "3"]
[White "Le, Quang Liem"]
[Black "Howell, David W L"]
[Result "1/2-1/2"]
[WhiteElo "2694"]
[BlackElo "2692"]
[PlyCount "219"]
[EventDate "2019.06.18"]

1. e4 e5 2. Nf3 Nc6 3. Bc4 Nf6 4. d3 Bc5 5. O-O d6 6. c3 a6 7. a4 O-O 8. Re1
Ba7 9. h3 Ne7 10. d4 Ng6 11. Nbd2 exd4 12. cxd4 Nxe4 13. Nxe4 d5 14. Bg5 f6 15.
Bxf6 gxf6 16. Bb3 Kh8 17. Ng3 Rg8 18. Bc2 c6 19. Ra3 Bb8 20. Rae3 Bf4 21. R3e2
Bd6 22. Bxg6 hxg6 23. Nh4 Bd7 24. Qd3 Kh7 25. f4 Bb4 26. Rf1 Qf8 27. f5 g5 28.
Ng6 Qh6 29. Ne5 fxe5 30. dxe5 Raf8 31. e6 Be8 32. f6+ Bg6 33. Qb3 Qh4 34. e7
Qd4+ 35. Kh1 Rxf6 36. Rxf6 Qxf6 37. Qxb4 d4 38. Qxb7 Re8 39. Qd7 Qf4 40. Kh2 c5
41. Re6 Qf7 42. Qd6 d3 43. Re5 Qf4 44. Qxc5 g4 45. Re6 d2 46. Qd6 Qxd6 47. Rxd6
gxh3 48. Kxh3 Rxe7 49. Rxd2 Rb7 50. Rd6 a5 51. Ra6 Rxb2 52. Rxa5 Be8 53. Ne4
Bc6 54. Ng5+ Kg6 55. Ra6 Rc2 56. Nf3 Kg7 57. Kg3 Bd5 58. a5 Ra2 59. Kh3 Ra3 60.
Kg4 Ra2 61. Kg3 Kf7 62. Kh3 Be6+ 63. Kh4 Ra4+ 64. Kg5 Ke7 65. Ne5 Bc8 66. Ng6+
Kd8 67. Rd6+ Kc7 68. Rd2 Rxa5+ 69. Kf6 Rf5+ 70. Ke7 Bb7 71. Nf8 Bxg2 72. Ne6+
Kb6 73. Rxg2 Rf1 74. Rc2 Rd1 75. Nc5 Kb5 76. Ke6 Kb4 77. Ke5 Rd8 78. Ne6 Rd1
79. Rc8 Re1+ 80. Kd5 Rh1 81. Rc4+ Kb3 82. Nd4+ Kb2 83. Rc2+ Kb1 84. Rg2 Rc1 85.
Nb5 Rc8 86. Kd4 Rb8 87. Kc4 Kc1 88. Nd4 Rc8+ 89. Kd3 Rh8 90. Rf2 Rd8 91. Rh2
Kb1 92. Rh6 Rg8 93. Rb6+ Ka2 94. Ne2 Ka3 95. Rb5 Rd8+ 96. Kc2 Rh8 97. Nd4 Ka4
98. Kd3 Rc8 99. Rb1 Ka5 100. Ke4 Ka4 101. Kd5 Rd8+ 102. Kc5 Rc8+ 103. Nc6 Ka3
104. Rb6 Rh8 105. Kc4 Rh4+ 106. Nd4 Ka2 107. Kc3 Rh3+ 108. Kd2 Ka3 109. Rb3+
Rxb3 110. Nxb3 1/2-1/2

[Event "Summer Chess Classic A 2019"]
[Site "Saint Louis USA"]
[Date "2019.06.21"]
[Round "4"]
[White "Swiercz, Dariusz"]
[Black "Xiong, Jeffery"]
[Result "1/2-1/2"]
[WhiteElo "2667"]
[BlackElo "2684"]
[PlyCount "71"]
[EventDate "2019.06.18"]

1. e4 g6 2. d4 Bg7 3. Nf3 d6 4. c4 e5 5. dxe5 dxe5 6. Qxd8+ Kxd8 7. Nc3 f6 8.
b4 Be6 9. Be2 Nd7 10. O-O Nh6 11. Rb1 Nf7 12. Rd1 c6 13. Nd2 Re8 14. Nb3 Kc8
15. b5 c5 16. a4 Bf8 17. Be3 b6 18. a5 Nd6 19. Nd2 Rd8 20. Ra1 Kb7 21. Ra4 a6
22. Rda1 bxa5 23. bxa6+ Rxa6 24. Nb3 Rb6 25. Nxc5+ Nxc5 26. Bxc5 Rb3 27. Nd5
Nxe4 28. Bxf8 Rxf8 29. Rxa5 Bxd5 30. cxd5 Nc3 31. Bf1 Kb6 32. Ra7 Kc5 33. Rc7+
Kd6 34. Rxh7 Nxd5 35. Bc4 Rb4 36. Bxd5 1/2-1/2

[Event "Summer Chess Classic A 2019"]
[Site "Saint Louis USA"]
[Date "2019.06.21"]
[Round "4"]
[White "Le, Quang Liem"]
[Black "Shankland, Sam"]
[Result "1/2-1/2"]
[WhiteElo "2694"]
[BlackElo "2717"]
[PlyCount "60"]
[EventDate "2019.06.18"]

1. e4 e5 2. Nf3 Nc6 3. Bc4 Nf6 4. d3 Bc5 5. O-O O-O 6. h3 d6 7. c3 a6 8. a4 Ba7
9. Re1 Re8 10. Nbd2 Be6 11. Bxe6 Rxe6 12. b4 h6 13. Qc2 Qd7 14. Rb1 b5 15. Ra1
Rd8 16. Nb3 Bb6 17. Bd2 d5 18. a5 Ba7 19. Be3 Bxe3 20. Rxe3 Rd6 21. Kh2 Qc8 22.
Rae1 dxe4 23. dxe4 Nd7 24. Qc1 Nf8 25. Nh4 g6 26. Rg3 Kh7 27. Rf3 Kg7 28. Rg3
Kh7 29. Rf3 Kg7 30. Rg3 Kh7 1/2-1/2

[Event "Summer Chess Classic A 2019"]
[Site "Saint Louis USA"]
[Date "2019.06.21"]
[Round "4"]
[White "Howell, David W L"]
[Black "Jones, Gawain C B"]
[Result "1/2-1/2"]
[WhiteElo "2692"]
[BlackElo "2709"]
[PlyCount "157"]
[EventDate "2019.06.18"]

1. d4 Nf6 2. c4 g6 3. Nc3 d5 4. cxd5 Nxd5 5. Nf3 Bg7 6. g3 Nxc3 7. bxc3 c5 8.
Bg2 Nc6 9. O-O cxd4 10. cxd4 O-O 11. Rb1 Nxd4 12. Nxd4 Qxd4 13. Qxd4 Bxd4 14.
Bh6 Rd8 15. Bxb7 Bxb7 16. Rxb7 Bc5 17. Rc1 Rac8 18. Bf4 Re8 19. a4 a5 20. Bd2
f6 21. Rcb1 Red8 22. Bxa5 Rd4 23. Bb4 Kf7 24. a5 Bxb4 25. R1xb4 Rxb4 26. Rxb4
Rc1+ 27. Kg2 Ra1 28. Rb5 Ra2 29. Kf3 g5 30. Ke3 Kg6 31. f4 gxf4+ 32. gxf4 Ra4
33. h4 h5 34. Kf3 Ra3+ 35. Ke4 Ra4+ 36. Kf3 Ra3+ 37. e3 Ra4 38. f5+ Kf7 39. e4
Ra3+ 40. Ke2 Ke8 41. Rd5 Rh3 42. Rd4 Ra3 43. Rd5 Rh3 44. e5 fxe5 45. Rxe5 Kf7
46. a6 Ra3 47. Re6 Ra5 48. Kd3 Rxf5 49. Rb6 Ra5 50. Kc4 e5 51. Kb4 Ra1 52. Kc5
e4 53. Kd4 Ra4+ 54. Ke3 Kg7 55. Rc6 Kh7 56. Rd6 Kg7 57. Rb6 Kh7 58. Re6 Kg7 59.
Rd6 Kh7 60. Kf4 e3+ 61. Kxe3 Rxh4 62. Rd4 Rh3+ 63. Kf4 Ra3 64. Rd6 Ra5 65. Rd7+
Kg6 66. Rd6+ Kg7 67. Rd7+ Kg6 68. Ra7 Ra4+ 69. Kf3 Ra3+ 70. Kg2 h4 71. Ra8 Kg7
72. Kh2 Kh7 73. Kg2 Kg7 74. a7 h3+ 75. Kh2 Kh7 76. Kg1 Ra1+ 77. Kh2 Ra3 78. Re8
Rxa7 79. Kxh3 1/2-1/2

[Event "Summer Chess Classic A 2019"]
[Site "Saint Louis USA"]
[Date "2019.06.22"]
[Round "5"]
[White "Xiong, Jeffery"]
[Black "Howell, David W L"]
[Result "1/2-1/2"]
[WhiteElo "2684"]
[BlackElo "2692"]
[PlyCount "69"]
[EventDate "2019.06.18"]

1. e4 e5 2. Nf3 Nf6 3. Nxe5 d6 4. Nd3 Nxe4 5. Qe2 Qe7 6. Nf4 c6 7. f3 Nf6 8. d4
Qxe2+ 9. Bxe2 d5 10. g4 Bd6 11. Nc3 h5 12. g5 Ng8 13. O-O Ne7 14. Re1 Bf5 15.
Bd3 Bxd3 16. Nxd3 Nd7 17. Bf4 Bxf4 18. Nxf4 Kf8 19. Nce2 Nf5 20. c3 g6 21. Ng3
Nxg3 22. hxg3 Re8 23. a4 Re7 24. a5 Ke8 25. Nd3 Kd8 26. Kf2 Rxe1 27. Rxe1 Re8
28. Rb1 Kc7 29. b4 Kd6 30. Rh1 Re7 31. Rh4 Re8 32. Rf4 Ke7 33. Nc5 Nxc5 34.
dxc5 a6 35. Rf6 1/2-1/2

[Event "Summer Chess Classic A 2019"]
[Site "Saint Louis USA"]
[Date "2019.06.22"]
[Round "5"]
[White "Jones, Gawain C B"]
[Black "Le, Quang Liem"]
[Result "1/2-1/2"]
[WhiteElo "2709"]
[BlackElo "2694"]
[PlyCount "161"]
[EventDate "2019.06.18"]

1. e4 c5 2. Nf3 Nc6 3. Bb5 g6 4. O-O Bg7 5. c3 Nf6 6. Re1 O-O 7. d4 d5 8. e5
Ne4 9. Be3 cxd4 10. cxd4 Qb6 11. Bxc6 bxc6 12. Qc1 f6 13. Nc3 Be6 14. exf6 Bxf6
15. Ne5 Rac8 16. Nxe4 dxe4 17. Qc3 a5 18. Rac1 Rfd8 19. Qc5 Qxb2 20. Nxc6 Rd6
21. d5 Kg7 22. Qa7 Rd7 23. Qa6 Rxd5 24. Rb1 Qa3 25. Na7 Rd6 26. Qb7 Rcd8 27.
Nb5 Qxa2 28. Nxd6 Rxd6 29. Bc5 Rd7 30. Qxe4 Bf5 31. Qc6 Qd5 32. Qxd5 Rxd5 33.
Rbc1 Kf7 34. Re2 a4 35. h3 h5 36. Ra2 Bd7 37. Bb4 Rd3 38. Bc5 Bb5 39. Bb4 Rb3
40. Ba3 Bd3 41. Bc5 Bb2 42. Re1 a3 43. Rxe7+ Kf6 44. Re3 Kf7 45. Bxa3 Bxa3 46.
Rd2 Rb1+ 47. Kh2 Bc1 48. Rdxd3 Bxe3 49. Rxe3 Rb4 50. Kg3 g5 51. Kf3 Kf6 52. Ra3
h4 53. Ra6+ Kf5 54. Ra5+ Kf6 55. Rd5 Ra4 56. Ke3 Ra2 57. Rd2 Ra4 58. Rd4 Ra2
59. Kf3 Kf5 60. Rd5+ Kf6 61. Rb5 Kg6 62. Rb4 Kf5 63. g4+ hxg3 64. Kxg3 Ra5 65.
Rc4 Rb5 66. Ra4 Rc5 67. Ra8 Rc4 68. Rf8+ Kg6 69. f3 Ra4 70. Re8 Kf5 71. Re4 Ra5
72. Rb4 Rc5 73. h4 gxh4+ 74. Rxh4 Rc1 75. Rh5+ Kf6 76. Kg4 Ra1 77. Rh6+ Kf7 78.
f4 Ra5 79. Rb6 Rc5 80. f5 Rc1 81. Rb7+ 1/2-1/2

[Event "Summer Chess Classic A 2019"]
[Site "Saint Louis USA"]
[Date "2019.06.22"]
[Round "5"]
[White "Shankland, Sam"]
[Black "Swiercz, Dariusz"]
[Result "1-0"]
[WhiteElo "2717"]
[BlackElo "2667"]
[PlyCount "199"]
[EventDate "2019.06.18"]

1. c4 Nf6 2. Nf3 e6 3. g3 d5 4. Bg2 Nbd7 5. d4 Bb4+ 6. Nbd2 O-O 7. O-O b6 8.
cxd5 exd5 9. Ne5 Bb7 10. Qa4 a5 11. Nc6 Qe8 12. Nxb4 axb4 13. Qxb4 Qxe2 14. Nf3
Qc4 15. Bd2 Ra4 16. Qb3 Qxb3 17. axb3 Rxa1 18. Rxa1 Ra8 19. Rc1 c6 20. Bh3 h6
21. Bb4 Re8 22. Ra1 c5 23. Bc3 Bc6 24. b4 Ne4 25. Ra7 cxb4 26. Bxb4 Ndf6 27.
Ne5 Bb5 28. Nxf7 Ng5 29. Nxg5 hxg5 30. Bf5 g4 31. Rc7 Ra8 32. Rc8+ Rxc8 33.
Be6+ Kh7 34. Bxc8 Be2 35. Bd6 Ne4 36. Bf4 g5 37. Be3 Kg6 38. Be6 Nf6 39. Bd2
Bd3 40. Bc8 Be2 41. Bb7 Kf5 42. Bc8+ Kg6 43. Bb4 Kf7 44. Bd6 Ne4 45. Bc7 b5 46.
Ba5 Nd6 47. Bd7 Ke7 48. Bc6 Ke6 49. Bb4 Ne4 50. Bb7 Nf6 51. Bc8+ Kf7 52. Kg2
Ne4 53. Ba6 Ke6 54. Bb7 Nf6 55. Bc8+ Kf7 56. Be1 Ke7 57. Bf5 Kf7 58. Bd2 Ne4
59. Be3 Bf3+ 60. Kf1 Ke7 61. Ke1 Kd6 62. Bd2 Kc6 63. Bb4 Kc7 64. Be6 Kc6 65.
Be7 b4 66. b3 Nd6 67. Bxg5 Nb5 68. Bf6 Nc3 69. Be7 Ne2 70. h3 gxh3 71. Bxh3
Nxd4 72. Kd2 Nxb3+ 73. Ke3 Bh5 74. Bxb4 d4+ 75. Kf4 Kb5 76. Be1 Nc5 77. Bf1+
Kc6 78. Bb4 Bg6 79. g4 Nd3+ 80. Bxd3 Bxd3 81. Ke5 Kd7 82. f4 Ke8 83. f5 Kf7 84.
Kxd4 Be2 85. g5 Bb5 86. Ke5 Be8 87. Bc3 Bb5 88. Kf4 Kg8 89. g6 Bd3 90. Kg5 Bc4
91. f6 Kf8 92. Bb4+ Kg8 93. Kf4 Bb3 94. Ke5 Bc4 95. Be7 Bb3 96. Kd6 Bc4 97. Kc7
Bb3 98. Kd8 Bc4 99. Ba3 Bb3 100. Ke7 1-0

[Event "Summer Chess Classic A 2019"]
[Site "Saint Louis USA"]
[Date "2019.06.24"]
[Round "6"]
[White "Xiong, Jeffery"]
[Black "Jones, Gawain C B"]
[Result "1/2-1/2"]
[WhiteElo "2684"]
[BlackElo "2709"]
[PlyCount "111"]
[EventDate "2019.06.18"]

1. d4 Nf6 2. c4 g6 3. Nc3 d5 4. cxd5 Nxd5 5. e4 Nxc3 6. bxc3 Bg7 7. Be3 O-O 8.
Nf3 c5 9. Rc1 Qa5 10. Nd2 cxd4 11. Nc4 Qd8 12. cxd4 f5 13. Ne5 Be6 14. Qa4 f4
15. Bc4 Bxe5 16. Bxe6+ Kg7 17. Qb5 fxe3 18. Qxe5+ Rf6 19. Rc8 exf2+ 20. Ke2 Nc6
21. Rxd8 Rxd8 22. Qc7 Rxe6 23. Kxf2 Rxd4 24. Re1 Rf6+ 25. Kg1 Rd2 26. Rf1 Rxf1+
27. Kxf1 Rb2 28. h4 a5 29. h5 a4 30. Qf4 gxh5 31. Qg5+ Kf8 32. Qxh5 Kg7 33.
Qg5+ Kf8 34. Qh6+ Kg8 35. Qc1 Rb4 36. a3 Rd4 37. Qb1 Kf7 38. Qxb7 Ne5 39. Qb5
Ng6 40. Kf2 e5 41. Ke3 h5 42. g3 Kg7 43. Qe2 h4 44. Kf3 hxg3 45. Kxg3 Ne7 46.
Kg4 Kf7 47. Kg5 Ke6 48. Qa6+ Kd7 49. Qb7+ Kd6 50. Qb8+ Ke6 51. Qa8 Kd6 52. Kf6
Nc6 53. Qf8+ Kc7 54. Ke6 Kb6 55. Qf1 Kc7 56. Qf7+ 1/2-1/2

[Event "Summer Chess Classic A 2019"]
[Site "Saint Louis USA"]
[Date "2019.06.24"]
[Round "6"]
[White "Howell, David W L"]
[Black "Shankland, Sam"]
[Result "1/2-1/2"]
[WhiteElo "2692"]
[BlackElo "2717"]
[PlyCount "57"]
[EventDate "2019.06.18"]

1. Nf3 c5 2. c4 Nf6 3. Nc3 Nc6 4. g3 d5 5. d4 cxd4 6. Nxd4 dxc4 7. Nxc6 Qxd1+
8. Nxd1 bxc6 9. Bg2 Nd5 10. Ne3 e6 11. Nxc4 Ba6 12. Na5 Bb4+ 13. Bd2 Rb8 14.
Bxb4 Nxb4 15. Nxc6 Nxc6 16. Bxc6+ Ke7 17. b3 Rhc8 18. Be4 f5 19. Bd3 Bxd3 20.
exd3 Rc2 21. O-O Kf6 22. Kg2 Rbc8 23. d4 Rb2 24. Rfb1 Rd2 25. Rd1 Rb2 26. Rdb1
Rd2 27. Rd1 Rb2 28. Rdb1 Rd2 29. Rd1 1/2-1/2

[Event "Summer Chess Classic A 2019"]
[Site "Saint Louis USA"]
[Date "2019.06.24"]
[Round "6"]
[White "Le, Quang Liem"]
[Black "Swiercz, Dariusz"]
[Result "1-0"]
[WhiteElo "2694"]
[BlackElo "2667"]
[PlyCount "111"]
[EventDate "2019.06.18"]

1. c4 e5 2. Nc3 Nf6 3. Nf3 Nc6 4. e3 Bb4 5. Qc2 Bxc3 6. bxc3 O-O 7. d3 d6 8.
Be2 Ne7 9. c5 Nc6 10. cxd6 cxd6 11. O-O Re8 12. c4 d5 13. cxd5 Qxd5 14. h3 b6
15. e4 Qd6 16. Be3 Bb7 17. Rac1 Rac8 18. Qb2 Nd7 19. Nd2 Ba6 20. Nb3 Nf8 21. f4
Ng6 22. fxe5 Ngxe5 23. Rcd1 Rcd8 24. Bf4 Qe7 25. Qc3 f6 26. Rf2 Nb4 27. Bxe5
Rc8 28. Bxf6 Rxc3 29. Bxe7 Rxe7 30. Nd4 g6 31. Rf3 Nxa2 32. Ra1 Nb4 33. Ra4 Nc2
34. Nxc2 Rxc2 35. Bd1 Rc1 36. Rf1 Rf7 37. Rxa6 Rxf1+ 38. Kxf1 Rxd1+ 39. Ke2 Rg1
40. Kf2 Rd1 41. Ke3 Rg1 42. Rxa7 Rxg2 43. d4 Rg3+ 44. Kf4 Rxh3 45. d5 Kf8 46.
d6 Ke8 47. e5 Rd3 48. Rxh7 b5 49. Kg5 b4 50. Kf6 b3 51. Rh8+ Kd7 52. e6+ Kc6
53. d7 b2 54. Rb8 Rd2 55. Ke7 Kc7 56. Rxb2 1-0

[Event "Summer Chess Classic A 2019"]
[Site "Saint Louis USA"]
[Date "2019.06.25"]
[Round "7"]
[White "Le, Quang Liem"]
[Black "Xiong, Jeffery"]
[Result "1-0"]
[WhiteElo "2694"]
[BlackElo "2684"]
[PlyCount "53"]
[EventDate "2019.06.18"]

1. e4 c5 2. Nf3 d6 3. d4 cxd4 4. Nxd4 Nf6 5. Nc3 a6 6. Be3 e5 7. Nf3 Be7 8. Bc4
Qc7 9. Bb3 Be6 10. O-O O-O 11. Nh4 g6 12. Bh6 Rd8 13. Nf3 Bc4 14. Ng5 Bf8 15.
Bxf8 Kxf8 16. Bxc4 Qxc4 17. f4 exf4 18. Kh1 Qc5 19. Nd5 Nxd5 20. exd5 h6 21.
Nxf7 Kxf7 22. Rxf4+ Kg7 23. Qe2 Qc7 24. Raf1 Nc6 25. dxc6 bxc6 26. Qe6 Rf8 27.
Rf6 1-0

[Event "Summer Chess Classic A 2019"]
[Site "Saint Louis USA"]
[Date "2019.06.25"]
[Round "7"]
[White "Shankland, Sam"]
[Black "Jones, Gawain C B"]
[Result "1/2-1/2"]
[WhiteElo "2717"]
[BlackElo "2709"]
[PlyCount "171"]
[EventDate "2019.06.18"]

1. d4 Nf6 2. c4 g6 3. Nc3 d5 4. cxd5 Nxd5 5. e4 Nxc3 6. bxc3 Bg7 7. Be3 c5 8.
Rc1 Qa5 9. Qd2 O-O 10. Nf3 Bg4 11. d5 b5 12. Be2 Nd7 13. O-O Rad8 14. Rfe1 Bxf3
15. Bxf3 c4 16. h4 e6 17. Bg5 Ne5 18. Be2 Rd7 19. f4 h6 20. fxe5 hxg5 21. Qxg5
Qd8 22. Qxd8 Rdxd8 23. a4 a6 24. axb5 axb5 25. Rb1 Rb8 26. Rb4 Bxe5 27. Reb1
Bxc3 28. Rxb5 Bd4+ 29. Kf1 Rbc8 30. d6 c3 31. Bd3 Rcd8 32. e5 f6 33. exf6 Bxf6
34. h5 Rxd6 35. Ke2 gxh5 36. Rxh5 Rfd8 37. Rh3 Rd5 38. Rb7 R8d7 39. Rb8+ Kf7
40. Rc8 Re5+ 41. Kf2 Rg5 42. Rh7+ Rg7 43. Rxg7+ Bxg7 44. Ke2 Be5 45. Rc6 Ke7
46. g4 Kf6 47. g5+ Kxg5 48. Rxe6 Kf4 49. Re8 Rd6 50. Rf8+ Bf6 51. Re8 Bg5 52.
Rf8+ Kg4 53. Rg8 c2 54. Rxg5+ Kxg5 55. Bxc2 Kf4 56. Bh7 Ke5 57. Bb1 Kd4 58. Kf3
Rf6+ 59. Ke2 Rf8 60. Bh7 Rh8 61. Bg6 Rh3 62. Bf5 Re3+ 63. Kf2 Re7 64. Kf3 Rf7
65. Kf4 Rf8 66. Kg4 Ke5 67. Bh7 Rf2 68. Bd3 Rd2 69. Bh7 Rd8 70. Kf3 Rh8 71. Bg6
Rh3+ 72. Ke2 Kd4 73. Bf5 Re3+ 74. Kf2 Re5 75. Bc2 Rc5 76. Bh7 Rh5 77. Bg6 Rh6
78. Bb1 Rh4 79. Kf3 Rh3+ 80. Ke2 Re3+ 81. Kf2 Re7 82. Kf3 Rb7 83. Bf5 Rf7 84.
Kf4 Rf8 85. Kg4 Rxf5 86. Kxf5 1/2-1/2

[Event "Netanya Masters 2019"]
[Site "Netanya ISR"]
[Date "2019.06.23"]
[Round "1"]
[White "Gelfand, Boris"]
[Black "Dubov, Daniil"]
[Result "1/2-1/2"]
[WhiteElo "2676"]
[BlackElo "2700"]
[PlyCount "42"]
[EventDate "2019.06.23"]

1. Nf3 d5 2. g3 Nf6 3. Bg2 e6 4. O-O Be7 5. c4 O-O 6. d4 dxc4 7. Qc2 b5 8. a4
b4 9. Nfd2 c6 10. Nxc4 Qxd4 11. Rd1 Qc5 12. Nbd2 Ba6 13. b3 Nbd7 14. Bb2 Rad8
15. Rac1 Nb8 16. e3 Qh5 17. Nf3 c5 18. Nfe5 Ng4 19. Nxg4 Qxg4 20. Ne5 Qe2 21.
Qb1 Qh5 1/2-1/2

[Event "Netanya Masters 2019"]
[Site "Netanya ISR"]
[Date "2019.06.23"]
[Round "1"]
[White "Svidler, Peter"]
[Black "Dominguez Perez, Leinier"]
[Result "1/2-1/2"]
[WhiteElo "2737"]
[BlackElo "2760"]
[PlyCount "38"]
[EventDate "2019.06.23"]

1. Nf3 d5 2. g3 Nf6 3. Bg2 e6 4. O-O Be7 5. b3 O-O 6. Bb2 c5 7. e3 Nc6 8. d4
cxd4 9. Nxd4 Bd7 10. Nd2 Rc8 11. c4 Nxd4 12. Bxd4 b5 13. cxd5 Nxd5 14. Bxd5
exd5 15. Qh5 Be6 16. Qe5 Bf6 17. Qf4 Bg5 18. Qe5 Bf6 19. Qf4 Bg5 1/2-1/2

[Event "Netanya Masters 2019"]
[Site "Netanya ISR"]
[Date "2019.06.23"]
[Round "1"]
[White "Rodshtein, Maxim"]
[Black "McShane, Luke J"]
[Result "0-1"]
[WhiteElo "2685"]
[BlackElo "2688"]
[PlyCount "62"]
[EventDate "2019.06.23"]

1. c4 Nf6 2. Nc3 e5 3. Nf3 Nc6 4. g3 g6 5. Bg2 Bg7 6. d4 exd4 7. Nxd4 O-O 8.
Nc2 d6 9. O-O Re8 10. h3 a5 11. Ne3 Bd7 12. Bd2 Nd4 13. Ned5 Nxd5 14. cxd5 c5
15. dxc6 bxc6 16. Rc1 d5 17. Re1 h5 18. e4 Be6 19. b3 dxe4 20. Nxe4 Bd5 21. Bc3
Qb6 22. Qd2 Red8 23. Qf4 c5 24. Ng5 Qb7 25. Bxd4 Bxd4 26. Be4 Ra6 27. Bxd5 Rxd5
28. Re8+ Kg7 29. Qe4 Rf6 30. Rc2 Qd7 31. Re7 Qd6 0-1

[Event "Netanya Masters 2019"]
[Site "Netanya ISR"]
[Date "2019.06.23"]
[Round "1"]
[White "Eljanov, Pavel"]
[Black "Postny, Evgeny"]
[Result "1/2-1/2"]
[WhiteElo "2655"]
[BlackElo "2601"]
[PlyCount "75"]
[EventDate "2019.06.23"]

1. e4 e5 2. Nf3 Nc6 3. Bb5 a6 4. Ba4 Nf6 5. d3 d6 6. c3 g6 7. h3 Bg7 8. Be3 O-O
9. O-O Bd7 10. Nbd2 Re8 11. a3 Qe7 12. b4 Nd8 13. Bb3 Ne6 14. Re1 Nh5 15. Nf1
Kh8 16. d4 Rad8 17. Qc2 Nhf4 18. h4 Bc8 19. Rad1 Nh5 20. Qc1 c6 21. Bh6 Qc7 22.
Bxg7+ Kxg7 23. Qb2 Kg8 24. Rd2 Nf6 25. g3 Nf8 26. Bc2 Bg4 27. N1h2 Bc8 28. Bb1
b6 29. Nf1 Bg4 30. N3h2 Bc8 31. c4 c5 32. bxc5 bxc5 33. d5 Ng4 34. Nxg4 Bxg4
35. Qc3 Rb8 36. Bc2 Bd7 37. Ne3 Qd8 38. Rdd1 1/2-1/2

[Event "Netanya Masters 2019"]
[Site "Netanya ISR"]
[Date "2019.06.24"]
[Round "2"]
[White "McShane, Luke J"]
[Black "Eljanov, Pavel"]
[Result "1-0"]
[WhiteElo "2688"]
[BlackElo "2655"]
[PlyCount "133"]
[EventDate "2019.06.23"]

1. c4 Nf6 2. g3 e6 3. Bg2 d5 4. Nf3 Be7 5. O-O O-O 6. b3 d4 7. e3 c5 8. exd4
cxd4 9. Re1 Nc6 10. Bb2 Re8 11. Ne5 Nxe5 12. Rxe5 Bd6 13. Bxd4 Bxe5 14. Bxe5
Nd7 15. Bb2 e5 16. Na3 Nf6 17. d4 e4 18. Nc2 Bg4 19. Qd2 Bf3 20. Bf1 Ng4 21. d5
Qd6 22. Bd4 Qg6 23. Ne3 Nxh2 24. Kxh2 Qh6+ 25. Bh3 Bg4 26. Rh1 Bxh3 27. Kg1 f5
28. Qe1 Rf8 29. Ng2 f4 30. gxf4 Rf5 31. Qxe4 Rh5 32. Ne3 Rf8 33. Be5 Bf5 34.
Rxh5 Qxh5 35. Qg2 Rf7 36. c5 h6 37. b4 Bh3 38. Qg3 Bd7 39. f3 Kh7 40. Kf2 Qh1
41. Qg1 Qxg1+ 42. Kxg1 g5 43. Nc2 gxf4 44. Nd4 a6 45. c6 bxc6 46. dxc6 Bc8 47.
Kf2 h5 48. a4 h4 49. b5 axb5 50. axb5 Ra7 51. Bxf4 Ra2+ 52. Ke3 h3 53. Ke4 h2
54. Bxh2 Rxh2 55. Kd5 Kg6 56. Kc5 Kf6 57. b6 Rb2 58. Nb5 Ba6 59. Nc7 Rc2+ 60.
Kd6 Rd2+ 61. Nd5+ Kf5 62. b7 Rb2 63. Kc7 Bxb7 64. cxb7 Rc2+ 65. Kd6 Rb2 66. Kc6
Ke6 67. Nc7+ 1-0

[Event "Netanya Masters 2019"]
[Site "Netanya ISR"]
[Date "2019.06.24"]
[Round "2"]
[White "Postny, Evgeny"]
[Black "Nabaty, Tamir"]
[Result "0-1"]
[WhiteElo "2601"]
[BlackElo "2678"]
[PlyCount "98"]
[EventDate "2019.06.23"]

1. d4 d5 2. c4 e6 3. Nc3 a6 4. cxd5 exd5 5. Bf4 Be6 6. e3 Bd6 7. Nge2 Nf6 8.
Bxd6 Qxd6 9. Nf4 Nc6 10. Be2 Bf5 11. O-O O-O 12. Rc1 Rfd8 13. Bf3 Ne7 14. a3 g6
15. Nd3 Bxd3 16. Qxd3 c6 17. Na4 Nf5 18. Nc5 Qe7 19. Qb3 Nd6 20. Rfe1 Re8 21.
Nd3 a5 22. Qc2 Kg7 23. g3 Nd7 24. Bg2 f5 25. a4 g5 26. f4 g4 27. Ne5 Nf6 28. h3
gxh3 29. Bxh3 Nfe4 30. Qh2 Rg8 31. Re2 Nxg3 32. Rg2 Kh8 33. Bg4 Nge4 34. Bf3
Rxg2+ 35. Bxg2 Rg8 36. Rc2 Nc4 37. Qh3 Rg3 38. Qxf5 Nxe3 39. Qc8+ Kg7 40. Re2
Nd6 41. Qb8 Ndf5 42. Nf3 Kh6 43. Qc8 Qf6 44. Kh1 Qf7 45. Ng5 Qh5+ 46. Bh3 Rxh3+
47. Nxh3 Qxe2 48. Qf8+ Kh5 49. Qf7+ Kg4 0-1

[Event "Netanya Masters 2019"]
[Site "Netanya ISR"]
[Date "2019.06.24"]
[Round "2"]
[White "Dubov, Daniil"]
[Black "Smirin, Ilia"]
[Result "1/2-1/2"]
[WhiteElo "2700"]
[BlackElo "2594"]
[PlyCount "93"]
[EventDate "2019.06.23"]

1. e4 e5 2. Nf3 Nc6 3. d4 exd4 4. Nxd4 Bc5 5. Nb3 Bb6 6. Nc3 Nge7 7. Qe2 O-O 8.
Be3 d6 9. O-O-O f5 10. f4 fxe4 11. Nxe4 Bf5 12. Bxb6 axb6 13. g4 Bd7 14. f5
Rxa2 15. Bg2 Ne5 16. Rdf1 N7c6 17. f6 Na5 18. Kb1 Ra4 19. fxg7 Kxg7 20. Rxf8
Qxf8 21. Rf1 Qe7 22. Nf6 Be6 23. Qe3 Nxb3 24. cxb3 Ra8 25. Be4 Rf8 26. g5 Kh8
27. Rf4 Nd7 28. Qd4 c5 29. Qc3 Qg7 30. Bxb7 Nxf6 31. gxf6 Qf7 32. Be4 d5 33.
Bd3 d4 34. Qe1 Re8 35. Qf1 Qh5 36. Bc4 Bxc4 37. bxc4 Qg6+ 38. Kc1 Rf8 39. h4
Rf7 40. Qf3 h6 41. h5 Qg1+ 42. Kc2 Rf8 43. f7 Qh2+ 44. Kb1 d3 45. Rg4 Qc2+ 46.
Ka2 Qa4+ 47. Kb1 1/2-1/2

[Event "Netanya Masters 2019"]
[Site "Netanya ISR"]
[Date "2019.06.24"]
[Round "2"]
[White "Gelfand, Boris"]
[Black "Svidler, Peter"]
[Result "1/2-1/2"]
[WhiteElo "2676"]
[BlackElo "2737"]
[PlyCount "51"]
[EventDate "2019.06.23"]

1. Nf3 Nf6 2. c4 g6 3. Nc3 d5 4. cxd5 Nxd5 5. Qc2 Nc6 6. Qb3 Nb6 7. d4 Bg7 8.
d5 Ne5 9. Nxe5 Bxe5 10. g3 O-O 11. Bh6 Re8 12. Rd1 Qd6 13. Ne4 Qd7 14. Bg2 Qa4
15. Qxa4 Nxa4 16. b3 Nc3 17. Nxc3 Bxc3+ 18. Bd2 Be5 19. Rc1 e6 20. Bc3 exd5 21.
Bxe5 Rxe5 22. Rxc7 d4 23. Bxb7 Bxb7 24. Rxb7 Rae8 25. O-O Ra5 26. a4 1/2-1/2

[Event "Netanya Masters 2019"]
[Site "Netanya ISR"]
[Date "2019.06.24"]
[Round "2"]
[White "Dominguez Perez, Leinier"]
[Black "Rodshtein, Maxim"]
[Result "1-0"]
[WhiteElo "2760"]
[BlackElo "2685"]
[PlyCount "57"]
[EventDate "2019.06.23"]

1. e4 e5 2. Nf3 Nc6 3. Bb5 Nf6 4. d3 Bc5 5. Bxc6 dxc6 6. Nbd2 O-O 7. Qe2 Re8 8.
Nc4 Nd7 9. Rg1 Nf8 10. Ncxe5 Be6 11. Be3 Bxe3 12. Qxe3 f6 13. Nc4 Bxc4 14. dxc4
Qd6 15. c5 Qe6 16. Nd2 f5 17. f3 Nd7 18. O-O-O Nf6 19. Kb1 Rad8 20. Qf4 fxe4
21. Nxe4 Rxd1+ 22. Rxd1 Nxe4 23. fxe4 Qxe4 24. Qxc7 Qxg2 25. Qxb7 Qd2 26. Qb3+
Kh8 27. Qf3 Qxh2 28. Qxc6 Qe2 29. Qd7 1-0

[Event "Netanya Masters 2019"]
[Site "Netanya ISR"]
[Date "2019.06.25"]
[Round "3"]
[White "Smirin, Ilia"]
[Black "Postny, Evgeny"]
[Result "1-0"]
[WhiteElo "2594"]
[BlackElo "2601"]
[PlyCount "101"]
[EventDate "2019.06.23"]

1. e4 c6 2. d4 d5 3. e5 Bf5 4. Nf3 e6 5. Be2 Ne7 6. c3 Nd7 7. O-O c5 8. dxc5
Nxc5 9. Nd4 Bg6 10. Be3 a6 11. f4 Nf5 12. Nxf5 Bxf5 13. g4 Bxb1 14. Rxb1 Qc7
15. Rc1 g5 16. b4 Nd7 17. c4 d4 18. Qxd4 gxf4 19. Qxf4 Nxe5 20. Rfd1 Rc8 21. c5
Rg8 22. h3 Be7 23. b5 axb5 24. Bxb5+ Nc6 25. Qf3 h5 26. Bf4 hxg4 27. hxg4 Qa5
28. a4 Qb4 29. Kf1 Qb2 30. Rb1 Qf6 31. Ke2 Kf8 32. Bxc6 bxc6 33. Rb7 e5 34. Be3
Qe6 35. Qf5 Rxg4 36. Qxe6 fxe6 37. Rdd7 Re8 38. a5 Ra4 39. Bh6+ Kf7 40. Bg5
Ra2+ 41. Ke3 Rg8 42. Rxe7+ Kg6 43. Bh4 Ra3+ 44. Ke4 Ra4+ 45. Kxe5 Rxh4 46.
Rxe6+ Kg5 47. a6 Ra4 48. a7 Kg4 49. Kd6 Rd8+ 50. Kxc6 Ra6+ 51. Kc7 1-0